'Q' Vocabulary (Insane) Quiz Stats

 Plays Quiz not verified by Sporcle

Challenge
Share
Tweet
Embed
Score 0/25 Timer 12:00
0 Plays Today
% Correct
quadrumvirate
76.4%
quorum
75.6%
quadrumanous
73.1%
quadrature
69.5%
quinary
67.1%
quotidian
66.2%
quaestor
63.7%
quadriga
59%
quisling
58.6%
quadrat
57.1%
quackle
54.6%
quokka
54.1%
quinsy
51.8%
% Correct
quirt
51.2%
quipu
47.3%
qiviut
43.8%
quomodo
43.8%
qirsh (or qursh)
40.8%
quondam
40.1%
quodlibet
37.4%
quiniela
35.4%
qanat (or qanāt)
33.9%
quintain
33.8%
quatrayle
32.8%
quotha
28.4%

You're not logged in!

Compare scores with friends on all Sporcle quizzes.
OR
Log In

You Might Also Like...

Show Comments

Extras

Top Quizzes Today


Score Distribution

Your Account Isn't Verified!

In order to create a playlist on Sporcle, you need to verify the email address you used during registration. Go to your Sporcle Settings to finish the process.

Report this User

Report this user for behavior that violates our Community Guidelines.

Details: